पत्रकारिता के सिद्धान्त / (Record no. 120178)
[ view plain ]
| 000 -LEADER | |
|---|---|
| fixed length control field | 01092nam a22002657a 4500 |
| 005 - DATE AND TIME OF LATEST TRANSACTION | |
| control field | 20170124103154.0 |
| 010 ## - LIBRARY OF CONGRESS CONTROL NUMBER | |
| LC control number | B-044103 |
| 020 ## - INTERNATIONAL STANDARD BOOK NUMBER | |
| Terms of availability | 200.00 |
| 035 ## - SYSTEM CONTROL NUMBER | |
| System control number | B-044103 |
| 037 ## - SOURCE OF ACQUISITION | |
| Source of stock number/acquisition | Cen Lib/Ret |
| 040 ## - CATALOGING SOURCE | |
| Original cataloging agency | DPL |
| Language of cataloging | HN |
| 082 ## - DEWEY DECIMAL CLASSIFICATION NUMBER | |
| Classification number | 070.4 |
| Item number | गुरुश |
| 100 ## - MAIN ENTRY--PERSONAL NAME | |
| Personal name | गुरु शरण लाल |
| 9 (RLIN) | 45799 |
| 245 ## - TITLE STATEMENT | |
| Title | पत्रकारिता के सिद्धान्त / |
| Statement of responsibility, etc | गुरु शरण लाल |
| 246 ## - VARYING FORM OF TITLE | |
| Title proper/short title | Patrakarita ke siddhant / |
| Remainder of title | by Guru Sharan Lal |
| 260 ## - PUBLICATION, DISTRIBUTION, ETC. (IMPRINT) | |
| Place of publication, distribution, etc | लखनऊ |
| Name of publisher, distributor, etc | भारत बुक सेंटर |
| Date of publication, distribution, etc | 2000 |
| 270 ## - ADDRESS | |
| Address | 17, अशोक मार्ग |
| City | लखनऊ |
| Postal code | 226001 |
| 300 ## - PHYSICAL DESCRIPTION | |
| Extent | 173पृ. |
| Dimensions | 21सेमी (सजिल्द) |
| 500 ## - GENERAL NOTE | |
| General note | सन्दर्भ सूची शामिल |
| 650 ## - SUBJECT ADDED ENTRY--TOPICAL TERM | |
| Topical term or geographic name as entry element | पत्रकारिता |
| 9 (RLIN) | 89010 |
| 650 ## - SUBJECT ADDED ENTRY--TOPICAL TERM | |
| Topical term or geographic name as entry element | हिन्दी पत्रकारिता के सिद्धान्त |
| 9 (RLIN) | 89011 |
| 650 ## - SUBJECT ADDED ENTRY--TOPICAL TERM | |
| Topical term or geographic name as entry element | Journalism |
| 9 (RLIN) | 89012 |
| 650 ## - SUBJECT ADDED ENTRY--TOPICAL TERM | |
| Topical term or geographic name as entry element | Hindi journalism principles |
| 9 (RLIN) | 78437 |
| 942 ## - ADDED ENTRY ELEMENTS (KOHA) | |
| Source of classification or shelving scheme | Dewey Decimal Classification |
| Koha item type | Hindi Books |
| Classification part | 070.4 |
| Call number suffix | गुरुश |
| Withdrawn status | Lost status | Damaged status | Not for loan | Home library | Current library | Date acquired | Source of acquisition | Cost, normal purchase price | Total Checkouts | Total Renewals | Full call number | Barcode | Date last seen | Date checked out | Copy number | Cost, replacement price | Price effective from | Koha item type |
|---|---|---|---|---|---|---|---|---|---|---|---|---|---|---|---|---|---|---|
| Central Library | Central Library | 21/09/2015 | Cen Lib/Ret | 200.00 | 2 | 1 | 070.4 गुरुश | B-044103 | 12/06/2023 | 28/04/2023 | 1 | 200.00 | 21/09/2015 | Hindi Books |
